| 000 | 00347nam a22001577a 4500 | ||
|---|---|---|---|
| 003 | SGT | ||
| 020 | _a978-81-312-4392-3 | ||
| 082 |
_a615 _bP16S |
||
| 100 | _aSHANBHAG, TARA V. | ||
| 245 | _aPHARMACOLOGY FOR NURSES | ||
| 250 | _a2ND | ||
| 260 |
_aINDIA _bELSEVIER _c2016 |
||
| 300 | _a420 | ||
| 650 | _aPHARMACOLOGY | ||
| 942 |
_2ddc _cBK _0458 |
||
| 999 |
_c16471 _d16471 |
||